| 000 | 00842cab a2200229 4500 | ||
|---|---|---|---|
| 001 | ABS50158 | ||
| 008 | 090401t1994 xxu||||| |||| 00| 0 eng d | ||
| 035 | _a(Sirsi) u74433 | ||
| 041 | _aeng | ||
| 100 | _aMargo, D. | ||
| 245 | 2 | _aA practical legal approach to problems in the petrol filling station letting market | |
| 260 | _c1994 | ||
| 350 | _a0 | ||
| 490 |
_aRent Review & Lease Renewal _v14(1) 1994, 19-25(7) |
||
| 520 | _aTakes the reader through a lease for a run-down garage for redevelopment as a modern self-service filling station. Covers rent review, term, user, operational requirements, insurance, forfeiture and tax. | ||
| 650 | _aBUSINESS TENANCIES | ||
| 650 | _aPETROL FILLING STATIONS | ||
| 650 | _aPLANNING PERMISSION | ||
| 690 | _aLANDLORD AND TENANT-BUSINESS TENANCIES | ||
| 942 | _n0 | ||
| 948 | _c04/03/1997 | ||
| 999 |
_c46956 _d46956 |
||